| 000 | 01013nas a2200337 4500 | ||
|---|---|---|---|
| 001 | BR2013008061 | ||
| 003 | BR-BrBNA | ||
| 005 | 20231205123049.0 | ||
| 007 | ta | ||
| 008 | 230509b bl.|||p| |||| 00| 00por d | ||
| 040 |
_aBR-BrBNA _bpor _cBiblioteca Nacional de Agricultura |
||
| 041 | _a(En) | ||
| 072 | _aL74 | ||
| 100 | 1 | _aBuchaim, R.L. | |
| 100 | 1 | _aAndreo, J.C. | |
| 100 | 1 | _aRodrigues, A.C. | |
| 100 | 1 | _aBuchaim, D.V. | |
| 100 | 1 | _aDias, D.V. | |
| 100 | 1 | _aDare, L.R. | |
| 100 | 1 | _aRoque, D.D. | |
| 100 | 1 | _aRoque, J.S. | |
| 245 | 1 | _aThe action of demineralized bovine bone matrix on bone neoformation in rats submitted to experimental alcoholism | |
| 650 | _aRATO | ||
| 650 | _aANIMAL DE LABORATORIO | ||
| 650 | _aTENDÃO | ||
| 650 | _aOSSO | ||
| 650 | _aCIRURGIA | ||
| 773 | 0 |
_tArquivo Brasileiro de Medicina Veterinária e Zootecnia (Brazil) _xISSN 0102-0935 _g(Jul 2013), v. 65(3) p. 715-721 _wBR2013008061 |
|
| 909 |
_a202311 _bLúcia _c55 _dLúcia Elande |
||
| 942 |
_2AGRIS _n0 _cANA |
||
| 999 |
_c231998 _d231998 |
||